Renacimiento y barroco en España (Record no. 6258)
[ view plain ]
| 000 -CABECERA | |
|---|---|
| campo de control de longitud fija | 00876nam a2200265 a 4500 |
| 001 - NÚMERO DE CONTROL | |
| campo de control | BRCA_6574 |
| 005 - FECHA Y HORA DE LA ÚLTIMA TRANSACCIÓN | |
| campo de control | 20190320205517.0 |
| 008 - DATOS DE LONGITUD FIJA--INFORMACIÓN GENERAL | |
| campo de control de longitud fija | 300911s1982----sp-#######---#000-0#spa-# |
| 020 ## - NÚMERO INTERNACIONAL ESTÁNDAR DEL LIBRO | |
| Número Internacional Estándar del Libro | 8425210984 (vol. 6) |
| 041 ## - CÓDIGO DE LENGUA | |
| Código de lengua del texto/banda sonora o título independiente | spa |
| 044 ## - CÓDIGO DEL PAÍS DE LA ENTIDAD EDITORA/PRODUCTORA | |
| Código MARC del país | sp |
| 050 #4 - SIGNATURA TOPOGRÁFICA DE LA BIBLIOTECA DEL CONGRESO | |
| Número de clasificación | N7105 |
| Número de documento/Ítem | .R46 1982 |
| 245 10 - MENCIÓN DE TÍTULO | |
| Título | Renacimiento y barroco en España |
| Mención de responsabilidad, etc. | edición a cargo de José Fernández Arenas. |
| 260 ## - PUBLICACIÓN, DISTRIBUCIÓN, ETC. | |
| Lugar de publicación, distribución, etc. | España |
| Nombre del editor, distribuidor, etc. | Gustavo Gili |
| Fecha de publicación, distribución, etc. | 1982 |
| 300 ## - DESCRIPCIÓN FÍSICA | |
| Extensión | 271 p. |
| Dimensiones | 20 cm. |
| 440 #0 - MENCIÓN DE SERIE/PUNTO DE ACCESO ADICIONAL--TÍTULO | |
| Título | Fuentes y Documentos para la Historia del Arte |
| Designación de volumen o secuencia | 6 |
| 9 (RLIN) | 16396 |
| 500 ## - NOTA GENERAL | |
| Nota general | Incluye índice onomástico e índice temático |
| 500 ## - NOTA GENERAL | |
| Nota general | Donación Dra. Elsa Barberena |
| 650 14 - PUNTO DE ACCESO ADICIONAL DE MATERIA--TÉRMINO DE MATERIA | |
| Término de materia o nombre geográfico como elemento de entrada | Arte español |
| Subdivisión general | Fuentes |
| 9 (RLIN) | 16397 |
| 650 14 - PUNTO DE ACCESO ADICIONAL DE MATERIA--TÉRMINO DE MATERIA | |
| Término de materia o nombre geográfico como elemento de entrada | Arte del renacimiento |
| Subdivisión general | Fuentes |
| Subdivisión geográfica | España |
| 9 (RLIN) | 16398 |
| 650 14 - PUNTO DE ACCESO ADICIONAL DE MATERIA--TÉRMINO DE MATERIA | |
| Término de materia o nombre geográfico como elemento de entrada | Arte barroco |
| Subdivisión general | Fuentes |
| Subdivisión geográfica | España |
| 9 (RLIN) | 16399 |
| 700 1# - PUNTO DE ACCESO ADICIONAL--NOMBRE DE PERSONA | |
| Nombre de persona | Fernández Arenas, José |
| Término indicativo de función/relación | ed. |
| 9 (RLIN) | 568 |
| 902 ## - CATALOGADOR | |
| Iniciales | DEB |
| 942 ## - ELEMENTOS DE PUNTO DE ACCESO ADICIONAL (KOHA) | |
| Fuente del sistema de clasificación o colocación | Library of Congress Classification |
| Tipo de ítem Koha | Libros |
| Estado de retiro | Estado de pérdida | Estado dañado | No para préstamo | Localización permanente | Ubicación/localización actual | Fecha de adquisición | Total de préstamos | Signatura topográfica completa | Código de barras | Fecha visto por última vez | Precio válido a partir de | Tipo de ítem Koha |
|---|---|---|---|---|---|---|---|---|---|---|---|---|
| El ejemplar forma parte de la colección y puede ser consultado según las políticas vigentes. | Biblioteca del Museo Franz Mayer (Rogerio Casas-Alatriste) | Biblioteca del Museo Franz Mayer (Rogerio Casas-Alatriste) | 30/09/2011 | N7105 .R46 1982 | DEB00019 | 22/03/2019 | 22/03/2019 | Libros |